QUEST Central Library Banner

treasures of islam (Record no. 65229)

MARC details
000 -LEADER
fixed length control field 00217nam a22000977a 4500
082 ## - DEWEY DECIMAL CLASSIFICATION NUMBER
Classification number 297
-- oka
100 ## - MAIN ENTRY--AUTHOR NAME
Personal name BERNARD O'KANE
245 ## - TITLE STATEMENT
Title treasures of islam
260 ## - PUBLICATION, DISTRIBUTION, ETC. (IMPRINT)
Place of publication united kingdom
Name of publisher duncan baird
Year of publication 2007
942 ## - ADDED ENTRY ELEMENTS (KOHA)
Koha item type Books
Holdings
Withdrawn status Lost status Collection code Home library Current library Date acquired Full call number Accession Number Koha item type
    Reference Reference Section Reference Section 09/07/2019 297 (Shelf - 15C) R44284 Books

Copyright © 2018,The QUEST, Nawabshah, Shaheed Benazirabad. All rights reserved
Mr. G. Farooq Channar (Librarian) QUEST, Nawabshah, Sindh, Pakistan 67480.
 Ph#: |   0244-9370381-4 Ext. 2308   Email| lib@quest.edu.pk   Web|  http://www.quest.edu.pk